|
|
|
|
| LEADER |
00000cam a2200000 7i4500 |
| 001 |
0000007046 |
| 005 |
20151222.0 |
| 008 |
070828 |
| 020 |
|
|
|a 9831283422
|
| 090 |
0 |
0 |
|a JF
|b MOR JAW (6898)
|
| 245 |
0 |
0 |
|a Tidak berputus asa
|
| 260 |
|
|
|a Kuala Lumpur :
|b Penerbitan Fargoes ,
|c 2005
|
| 440 |
|
|
|a Cerita nasihat
|
| 500 |
|
|
|a Children ages 7-9 years old (orange)
|
| 650 |
|
0 |
|a Junior fiction
|x jawi
|
| 650 |
|
0 |
|a Moral
|
| 999 |
|
|
|a 0000899798
|b Book
|c Children Collection
|e Cawangan Tmn. Ungku Tun Aminah
|
| 999 |
|
|
|a 0000899801
|b Book
|c Children Collection
|e Cawangan Tangkak
|
| 999 |
|
|
|a 0000899802
|b Book
|c Children Collection
|e Cawangan Tangkak
|
| 999 |
|
|
|a 0000899805
|b Book
|c Children Collection
|e Cawangan Mersing
|
| 999 |
|
|
|a 0000899806
|b Book
|c Children Collection
|e Cawangan Mersing
|
| 999 |
|
|
|a 0000988425
|b Book
|c Children Collection
|e Perbadanan Perpustakaan Awam Johor
|
| 999 |
|
|
|a 0000988426
|b Book
|c Children Collection
|e Cawangan Muar
|
| 999 |
|
|
|a 0000988428
|b Book
|c Children Collection
|e Perbadanan Perpustakaan Awam Johor
|
| 999 |
|
|
|a 0001214996
|b Book
|c Children Collection
|e Cawangan Taman Universiti
|
| 999 |
|
|
|a 0001214997
|b Book
|c Children Collection
|e Cawangan Tmn. Ungku Tun Aminah
|
| 999 |
|
|
|a 0001214998
|b Book
|c Children Collection
|e Cawangan Segamat
|
| 999 |
|
|
|a 0001214999
|b Book
|c Children Collection
|e Cawangan Tangkak
|
| 999 |
|
|
|a 0001215000
|b Book
|c Children Collection
|e Cawangan Bukit Gambir
|
| 999 |
|
|
|a 0001215001
|b Book
|c Children Collection
|e Cawangan Pontian
|
| 999 |
|
|
|a 0001215002
|b Book
|c Children Collection
|e Cawangan Taman Universiti
|